000 00461nam a2200205Ia 4500
008 210210b1911 xxu||||| |||| 00| 0 eng d
041 _aeng
082 _a444/137
100 _aGUIZOT
245 _aHistoire de la civilisation en Europe
260 _aLondon
_bMacmillan & Co. Ltd.
_c1911
650 _ala
650 _aHistoire
650 _aEurope
650 _aen
650 _ade
650 _acivilisation
690 _aFrench
906 _a006332
999 _c129154
_d129154